000 00648nam a2200217 a 4500
001 BRCA_824
005 20190320203150.0
008 980928s1989 nyu#---###---#000-0#eng-#
020 _a0500235538
040 _aDLC
_cDLC
050 4 _aNK7109.85.A7
_b.K74 1989
100 1 _aKrekel-Aalberse, Annelies
_92743
245 1 0 _aArt Nouveau and Art Deco Silver
_cAnnelies Krekel-Aalberse.
260 _aLondres
_bThames and Hudson
_c1989
300 _a272 p.
_bil. (algunas a color)
_c29 cm.
500 _aIncluye índice alfabético
504 _aBibliografía: p. 269-270
650 1 4 _aArte nouveau
_92744
650 1 4 _aPlatería
_92745
942 _2lcc
_cB
999 _c719
_d719